| 000 | 00684nam a2200229Ii 4500 | ||
|---|---|---|---|
| 003 | JO-AjNU | ||
| 008 | 230605s9999||||xx |||||||||||||| ||und|| | ||
| 017 | _a2006/3/706 | ||
| 020 | _a9957-455-12-5 | ||
| 040 |
_aJO-AjNU _bara _erda _cJO-AjNU |
||
| 041 | _aara | ||
| 050 | 1 | 4 | _aPJ7521.K42 2006 |
| 100 | 3 |
_aخليل، ابراهيم, _eauthor _910974 |
|
| 245 | 0 | 0 | _aشعراء تحت المجهر |
| 250 | _aط1 | ||
| 264 | 3 | 1 | _aدمشق: دار ورد للنشر والتوزيع، 2006 |
| 300 | _a126ص | ||
| 336 |
_atext _btxt _2rdacontent |
||
| 337 |
_aunmediated _bn _2rdamedia |
||
| 338 |
_avolume _bnc _2rdacarrier |
||
| 650 | 4 |
_aالشعراء العرب-تراجم _910975 |
|
| 999 |
_aA2084 _c5652 _d5652 |
||